| 000 | 00568nam a2200181Ia 4500 | ||
|---|---|---|---|
| 008 | 090630s9999 xx 000 0 und d | ||
| 082 | _b15463 | ||
| 100 | _aदेवळे श. रा. | ||
| 245 |
_aनाना गोष्टी. _cदेवळे श. रा. |
||
| 260 | _bसुविद्या. | ||
| 300 | _a32 | ||
| 600 | _aदेवळे श. रा. | ||
| 630 | _aनाना गोष्टी. | ||
| 655 | _aबालवाङमय. | ||
| 700 | _aदेवळे श. रा. | ||
| 730 | _aनाना गोष्टी. | ||
| 942 | _cBOOK | ||
| 999 |
_c267319 _d267319 |
||